| 000 | 00793pam a2200301 i 4500 | ||
|---|---|---|---|
| 001 | 3243951 | ||
| 003 | OSt | ||
| 005 | 20140310184509.0 | ||
| 008 | 800307s1980 nyua j 000 1 eng | ||
| 010 | _a 80012786 | ||
| 020 |
_a0439276675 _c$7.95 |
||
| 040 |
_aDLC _cDLC _dDLC |
||
| 042 | _alcac | ||
| 050 | 0 | 0 |
_aPZ 7 _b.M8544 2001 |
| 100 | 1 |
_aMost, Bernard. _927556 |
|
| 245 | 1 | 0 |
_aMy very own octopus / _cBernard Most. |
| 250 | _a1st ed. | ||
| 260 |
_aNew York : _bHarcourt Brace Jovanovich, _c2001. |
||
| 300 |
_bcol. ill. ; _c21 cm. |
||
| 521 | _aG4 | ||
| 526 | _c600 | ||
| 650 | 1 |
_aOctopuses _vFiction. _929109 |
|
| 650 | 1 |
_aPets _vFiction. _929110 |
|
| 906 |
_a7 _bcbc _corignew _d1 _eocip _f19 _gy-gencatlg |
||
| 942 |
_2lcc _cBK-SCHOLAS |
||
| 999 |
_c34879 _d34879 |
||